[Event "Junior Online 4NCL Division 4"]
[Site "online"]
[Date "2021.03.18"]
[EventDate "2021.03.18"]
[Round "5.144"]
[White "O'Connor, Ethan"]
[WhiteElo "858"]
[WhiteTeam "Rhodes Avenue Rooks"]
[Black "Datta, Ishan"]
[BlackElo "1063"]
[BlackTeam "Edgware Gambits G"]
[Result "1-0"]
[PlyCount "113"]

1. e4 c6 2. d4 d5 3. exd5 cxd5 4. Bd3 Nc6 5. Nf3 Nf6 6. O-O Bg4 7. c3 e6 8. Bg5 Be7 9. Bb5 Qb6 10. Qd3 O-O 11. c4 dxc4 12. Qxc4 Nb4 13. Nc3 Nc2 14. Rac1 Nb4 15. a3 Nbd5 16. Ne5 Bf5 17. Rce1 Rac8 18. Qa4 Nxc3 19. bxc3 Rxc3 20. Bd2 Rc2 21. Nc4 Qxd4 22. Rd1 Qc5 23. Ne3 Ra2 24. Bb4 Qc7 25. Bc4 Re2 26. Bxe2 Bxb4 27. axb4 Rb8 28. Rd2 Ne4 29. Rd3 b5 30. Qa2 Nd6 31. Rd4 g6 32. Qd2 Ne8 33. Rd1 e5 34. Rd8 Rxd8 35. Qxd8 Qxd8 36. Rxd8 Kg7 37. Rxe8 Kh6 38. Rxe5 Kg7 39. Nxf5+ gxf5 40. Rxf5 Kf8 41. Bxb5 h6 42. Bc4 a6 43. Rxf7+ Ke8 44. Rh7 Kd8 45. Bxa6 Ke8 46. Rxh6 Kd7 47. Bb5+ Kc7 48. Rc6+ Kd7 49. h4 Ke7 50. Rg6 Kf7 51. Bd3 Ke7 52. h5 Kf7 53. h6 Kf8 54. h7 Kf7 55. h8=Q Ke7 56. Qh7+ Kf8 57. Rg8# 1-0

[Event "Junior Online 4NCL Division 4"]
[Site "online"]
[Date "2021.03.18"]
[EventDate "2021.03.18"]
[Round "5.145"]
[White "Bass, Finn"]
[WhiteElo "894"]
[WhiteTeam "Rhodes Avenue Rooks"]
[Black "Bengani, Arihant"]
[BlackElo "1105"]
[BlackTeam "Edgware Gambits G"]
[Result "1-0"]
[PlyCount "37"]

1. e4 e5 2. Bc4 Nf6 3. Nc3 Nc6 4. Nf3 Nxe4 5. Nxe4 d5 6. Bd3 dxe4 7. Bxe4 Bg4 8. O-O Nd4 9. h3 Bh5 10. c3 Nxf3+ 11. Bxf3 Bxf3 12. Qxf3 Bc5 13. Qxb7 O-O 14. Qc6 Bb6 15. Re1 Qh4 16. Rf1 Rfe8 17. d4 exd4 18. cxd4 Re2 19. Qxa8+ 1-0

[Event "Junior Online 4NCL Division 4"]
[Site "online"]
[Date "2021.03.18"]
[EventDate "2021.03.18"]
[Round "5.146"]
[White "Tager, Maya"]
[WhiteElo "1037"]
[WhiteTeam "Edgware Gambits G"]
[Black "Gelmini, Leonardo"]
[BlackElo "900"]
[BlackTeam "Rhodes Avenue Rooks"]
[Result "0-1"]
[PlyCount "94"]

1. e4 c5 2. g3 d5 3. exd5 Qxd5 4. Nf3 Bg4 5. Bg2 Nf6 6. O-O Qd7 7. d3 g6 8. Qd2 Bg7 9. Ne5 Qc8 10. Nxg4 Qxg4 11. Re1 Nc6 12. Qe3 Qe6 13. Bxc6+ bxc6 14. Qxe6 fxe6 15. Rxe6 Rc8 16. Bg5 Kf7 17. Re1 Rhe8 18. c3 Nd5 19. Nd2 h6 20. Be3 Nxe3 21. Rxe3 Rcd8 22. Nc4 h5 23. Na5 Rc8 24. Nb3 Bh6 25. Rf3+ Kg7 26. Nxc5 Rb8 27. Ne6+ Kh7 28. Rb1 a5 29. Rf7+ Kg8 30. Rf3 a4 31. Nc7 Rec8 32. Na6 Rb6 33. Nc5 a3 34. b3 Bg7 35. d4 Rf8 36. Nd7 Rxf3 37. Nxb6 Rxc3 38. Na4 Rc2 39. d5 cxd5 40. Rd1 e6 41. Re1 Kf7 42. b4 Bd4 43. Rf1 Rxa2 44. b5 Ra1 45. Rxa1 Bxa1 46. b6 Be5 47. b7 a2 0-1

[Event "Junior Online 4NCL Division 4"]
[Site "online"]
[Date "2021.03.18"]
[EventDate "2021.03.18"]
[Round "5.147"]
[White "Wilson, Donnie"]
[WhiteElo "879"]
[WhiteTeam "Rhodes Avenue Rooks"]
[Black "Dhaliwal, Simrun Kaur"]
[BlackElo "1028"]
[BlackTeam "Edgware Gambits G"]
[Result "0-1"]
[PlyCount "36"]

1. e4 e5 2. f4 exf4 3. Nf3 Nc6 4. Nc3 Nf6 5. Nd5 Nxe4 6. Nxf4 Bc5 7. Qe2 d6 8. Qxe4+ Be6 9. Ng5 Qxg5 10. Nxe6 fxe6 11. Qxe6+ Qe7 12. Bc4 Qxe6+ 13. Bxe6 Nd4 14. Bb3 O-O-O 15. Rf1 Rde8+ 16. Kd1 Rhf8 17. Rxf8 Rxf8 18. c3 Rf1# 0-1

[Event "Junior Online 4NCL Division 4"]
[Site "online"]
[Date "2021.03.18"]
[EventDate "2021.03.18"]
[Round "5.148"]
[White "Datta, Ishan"]
[WhiteElo "1063"]
[WhiteTeam "Edgware Gambits G"]
[Black "O'Connor, Ethan"]
[BlackElo "858"]
[BlackTeam "Rhodes Avenue Rooks"]
[Result "1-0"]
[PlyCount "75"]

1. d4 d5 2. c4 e6 3. Nc3 Nf6 4. Bg5 Bd6 5. Nf3 O-O 6. e3 Bb4 7. Bd3 Qd6 8. O-O Ng4 9. h3 Nf6 10. Bf4 Qe7 11. Bb1 Bxc3 12. bxc3 Nc6 13. Qc2 Na5 14. Be5 Rd8 15. Bxf6 Qxf6 16. Qxh7+ Kf8 17. Qh8+ Ke7 18. Qh7 Nxc4 19. Qd3 Rh8 20. e4 c6 21. exd5 cxd5 22. Bc2 e5 23. dxe5 Nxe5 24. Qxd5 Be6 25. Qxb7+ Bd7 26. Nxe5 Qxe5 27. Ba4 Qe6 28. Rae1 Rab8 29. Rxe6+ Kxe6 30. Qxd7+ Kf6 31. Qxa7 Ra8 32. Qd4+ Kg6 33. Bc6 Rxa2 34. Qd6+ Kh7 35. Be4+ g6 36. Qd5 Re8 37. Qxf7+ Kh6 38. Qxg6# 1-0

[Event "Junior Online 4NCL Division 4"]
[Site "online"]
[Date "2021.03.18"]
[EventDate "2021.03.18"]
[Round "5.152"]
[White "Mallick, Ismail"]
[WhiteElo "1075"]
[WhiteTeam "Wimbledon Juniors A"]
[Black "Thorburn, Rory"]
[BlackElo "993"]
[BlackTeam "Tetherdown Knights"]
[Result "1/2-1/2"]
[PlyCount "112"]

1. e4 e5 2. Nf3 Nc6 3. Nc3 Nf6 4. Bc4 Bc5 5. d3 h6 6. O-O O-O 7. Be3 Bd6 8. Qd2 Ng4 9. Nb5 Nxe3 10. fxe3 Bb4 11. Nc3 b6 12. a3 Be7 13. Nd5 Bd6 14. d4 exd4 15. exd4 Na5 16. Ba2 c5 17. dxc5 Bxc5+ 18. Kh1 d6 19. b4 Bd4 20. Nxd4 Nb7 21. Rf2 Be6 22. Raf1 Qd7 23. Nxe6 fxe6 24. Rxf8+ Rxf8 25. Rxf8+ Kxf8 26. Qf2+ Kg8 27. Nf4 Nd8 28. h3 Kh7 29. Qd2 e5 30. Nd5 Nc6 31. c4 Nd4 32. Nc3 g6 33. Ne2 Ne6 34. Qd5 Kg7 35. Kh2 Kf6 36. g4 g5 37. Qd3 Kg6 38. Qf3 Ng7 39. Qd3 Kh7 40. c5 bxc5 41. bxc5 Ne8 42. Bd5 Nf6 43. Bc4 Ne8 44. cxd6 Nxd6 45. Nc3 Qc7 46. Be6 Qe7 47. Bf5+ Kg7 48. Nd5 Qf8 49. Qc3 Nf7 50. Ne3 Kg8 51. Nc4 Qc5 52. Be6 Qf2+ 53. Kh1 Qf1+ 54. Kh2 Qf2+ 55. Kh1 Qf1+ 56. Kh2 Qf2+ 1/2-1/2

[Event "Junior Online 4NCL Division 4"]
[Site "online"]
[Date "2021.03.18"]
[EventDate "2021.03.18"]
[Round "5.153"]
[White "Murphy, Sam"]
[WhiteElo "910"]
[WhiteTeam "Tetherdown Knights"]
[Black "Doorduin, Lara"]
[BlackElo "1073"]
[BlackTeam "Wimbledon Juniors A"]
[Result "0-1"]
[PlyCount "102"]

1. d4 d5 2. c4 e6 3. Nc3 Nf6 4. Nf3 Bb4 5. Bd2 O-O 6. e3 Nc6 7. Bd3 dxc4 8. Bxc4 Qe7 9. a3 Ba5 10. O-O Bd7 11. Bb5 Rad8 12. Qa4 Bb6 13. Qc2 a6 14. Bd3 Rfe8 15. Na4 Ba5 16. Bxa5 Nxa5 17. Qxc7 Nb3 18. Rab1 b5 19. Nc3 Rc8 20. Qg3 Bc6 21. Ne5 Nd2 22. Nxc6 Rxc6 23. Rbc1 Nxf1 24. Bxf1 e5 25. d5 Rc5 26. Rd1 Rd8 27. d6 Rxd6 28. Rxd6 Qxd6 29. Qf3 Rc8 30. g4 h6 31. h4 g5 32. h5 Re8 33. Be2 e4 34. Qg2 Qd2 35. Qf1 Qxb2 36. Qe1 Qxa3 37. Nb1 Qd6 38. Nd2 Rd8 39. Nf1 b4 40. Ng3 a5 41. Nf5 Qf8 42. Qa1 Ra8 43. Qxf6 Kh7 44. f3 exf3 45. Bxf3 Ra7 46. Be4 Kg8 47. Nxh6+ Qxh6 48. Qxh6 Re7 49. Qxg5+ Kf8 50. Bf3 b3 51. Qb5 a4 0-1

[Event "Junior Online 4NCL Division 4"]
[Site "online"]
[Date "2021.03.18"]
[EventDate "2021.03.18"]
[Round "5.154"]
[White "Shan-Muhammad, Rohan"]
[WhiteElo "1068"]
[WhiteTeam "Wimbledon Juniors A"]
[Black "Cartwright, Ethan"]
[BlackElo "956"]
[BlackTeam "Tetherdown Knights"]
[Result "1-0"]
[PlyCount "83"]

1. e4 e5 2. Nf3 Nc6 3. Bc4 Nf6 4. Ng5 Qe7 5. Bxf7+ Kd8 6. Bb3 Qe8 7. Nf7+ Ke7 8. Nxh8 d6 9. Nf7 Be6 10. Bxe6 Kxe6 11. Ng5+ Kd7 12. Nc3 Kc8 13. d3 Be7 14. O-O h6 15. Nf3 Nd4 16. Nxd4 exd4 17. Nd5 Nxd5 18. exd5 Bg5 19. Re1 Be3 20. fxe3 dxe3 21. Rxe3 Qd8 22. Qh5 b6 23. Re8 Kb7 24. Rxd8 Rxd8 25. b3 a5 26. Bb2 Rd7 27. Qg4 Re7 28. Bxg7 Re8 29. Bxh6 Rc8 30. Rf1 Rd8 31. Rf8 Rb8 32. Rxb8+ Kxb8 33. Qd7 Kb7 34. Qc6+ Kc8 35. g4 Kd8 36. g5 Ke7 37. Qxc7+ Ke8 38. g6 a4 39. Qxb6 Kd7 40. Qb7+ Ke8 41. g7 Kd8 42. g8=Q# 1-0

[Event "Junior Online 4NCL Division 4"]
[Site "online"]
[Date "2021.03.18"]
[EventDate "2021.03.18"]
[Round "5.155"]
[White "Roets, Nicholas"]
[WhiteElo "1240"]
[WhiteTeam "Wimbledon Juniors A"]
[Black "Weisfeld, Raphael"]
[BlackElo "1030"]
[BlackTeam "Tetherdown Knights"]
[Result "1-0"]
[PlyCount "89"]

1. d4 d5 2. Nf3 Nc6 3. g3 Nf6 4. Bg2 Bg4 5. c4 dxc4 6. O-O e6 7. Nc3 Bb4 8. h3 Bxf3 9. Bxf3 Nxd4 10. Bxb7 Nf3+ 11. Bxf3 Qxd1 12. Rxd1 O-O 13. Bg5 Ne8 14. a3 Bc5 15. Bxa8 Nf6 16. Bf3 h6 17. Bxf6 gxf6 18. Rd7 Bb6 19. Nb5 Rc8 20. Rad1 a6 21. R1d4 Bxd4 22. Nxd4 c5 23. Nc2 Rb8 24. Rb7 Rd8 25. b3 Rd2 26. Ne3 c3 27. Rc7 Rb2 28. Rxc5 Rxb3 29. Ra5 Rb2 30. Rxa6 c2 31. Nxc2 Rxc2 32. a4 Rc1+ 33. Kg2 Ra1 34. Ra8+ Kg7 35. Bc6 Ra2 36. Bb5 Kg6 37. a5 Rb2 38. Bd3+ f5 39. a6 Ra2 40. Rc8 f6 41. Rc7 e5 42. a7 Kg5 43. Bc4 Ra4 44. Rg7+ Kh5 45. Bf7# 1-0

[Event "Junior Online 4NCL Division 4"]
[Site "online"]
[Date "2021.03.18"]
[EventDate "2021.03.18"]
[Round "5.156"]
[White "Thorburn, Rory"]
[WhiteElo "993"]
[WhiteTeam "Tetherdown Knights"]
[Black "Mallick, Ismail"]
[BlackElo "1075"]
[BlackTeam "Wimbledon Juniors A"]
[Result "1-0"]
[PlyCount "101"]

1. e4 c5 2. Nf3 Nc6 3. Nc3 e5 4. Bc4 Be7 5. O-O Nf6 6. Ng5 O-O 7. Nf3 d6 8. h3 Be6 9. Bb5 Qd7 10. d3 a6 11. Bc4 b5 12. Bxe6 fxe6 13. Be3 Nd4 14. a3 Ne8 15. Na2 Nxf3+ 16. gxf3 Nc7 17. Qd2 Rxf3 18. Rfe1 Raf8 19. Kf1 Qe8 20. Ke2 Qh5 21. Kf1 Qxh3+ 22. Ke2 Qg4 23. Kf1 Qh5 24. c4 bxc4 25. dxc4 Ne8 26. b4 cxb4 27. axb4 Bh4 28. Re2 Bg5 29. Ree1 Bxe3 30. Rxe3 Rxf2+ 31. Qxf2 Rxf2+ 32. Kxf2 Qh2+ 33. Kf3 Qf4+ 34. Ke2 Nf6 35. Kd3 g5 36. Rc1 g4 37. c5 dxc5 38. bxc5 g3 39. c6 Ne8 40. c7 Nd6 41. c8=Q+ Nxc8 42. Rxc8+ Kg7 43. Rc7+ Kg6 44. Rc8 Kh6 45. Rg8 g2 46. Rxg2 Qf1+ 47. Rge2 Qd1+ 48. Rd2 Qb3+ 49. Nc3 a5 50. Rg3 Kh5 51. Rh2# 1-0

[Event "Junior Online 4NCL Division 4"]
[Site "online"]
[Date "2021.03.18"]
[EventDate "2021.03.18"]
[Round "5.157"]
[White "Doorduin, Lara"]
[WhiteElo "1073"]
[WhiteTeam "Wimbledon Juniors A"]
[Black "Murphy, Sam"]
[BlackElo "910"]
[BlackTeam "Tetherdown Knights"]
[Result "0-1"]
[PlyCount "66"]

1. e4 e5 2. Nf3 Nc6 3. Bb5 Nf6 4. O-O d6 5. d3 Bd7 6. Bg5 h6 7. Bh4 a6 8. Ba4 Be7 9. Nc3 O-O 10. Qd2 Ne8 11. Bg3 Nf6 12. Rad1 Nd4 13. Bxd7 Qxd7 14. Nxd4 exd4 15. Ne2 c5 16. e5 dxe5 17. Bxe5 Ng4 18. Bg3 Bd6 19. Bxd6 Qxd6 20. Nf4 g5 21. h3 Qxf4 22. hxg4 Qxg4 23. Rfe1 Rae8 24. c3 h5 25. b4 dxc3 26. Qxc3 cxb4 27. Qxb4 Qxb4 28. Rxe8 Rxe8 29. Kh2 Qd6+ 30. Kh1 Re2 31. a4 Rxf2 32. d4 Qd5 33. a5 Qxg2# 0-1

[Event "Junior Online 4NCL Division 4"]
[Site "online"]
[Date "2021.03.18"]
[EventDate "2021.03.18"]
[Round "5.158"]
[White "Cartwright, Ethan"]
[WhiteElo "956"]
[WhiteTeam "Tetherdown Knights"]
[Black "Shan-Muhammad, Rohan"]
[BlackElo "1068"]
[BlackTeam "Wimbledon Juniors A"]
[Result "0-1"]
[PlyCount "70"]

1. e4 e5 2. Nf3 Nc6 3. Bc4 Bc5 4. Nc3 Nf6 5. d3 h6 6. O-O Ng4 7. b3 d6 8. Bb2 Nf6 9. Nd5 Be6 10. Nxf6+ Qxf6 11. Bxe6 fxe6 12. c4 O-O 13. a3 Nd4 14. Bxd4 Bxd4 15. Nxd4 exd4 16. f3 d5 17. cxd5 exd5 18. exd5 c6 19. dxc6 bxc6 20. Qc2 Rac8 21. Rac1 Qe6 22. Qc4 Qxc4 23. Rxc4 c5 24. b4 Rf4 25. bxc5 Kh7 26. Re1 g5 27. Re4 Rxe4 28. fxe4 Kg6 29. Rxd4 Rxc5 30. Rd6+ Kh5 31. d4 Rc2 32. e5 Kg4 33. e6 Re2 34. h3+ Kg3 35. e7 Re1# 0-1

[Event "Junior Online 4NCL Division 4"]
[Site "online"]
[Date "2021.03.18"]
[EventDate "2021.03.18"]
[Round "5.161"]
[White "Pipalia, Rishi"]
[WhiteElo "1362"]
[WhiteTeam "JHJ Shark Tank 6"]
[Black "Johnston, Alexander"]
[BlackElo "1464"]
[BlackTeam "Forest Hall Juniors"]
[Result "0-1"]
[PlyCount "42"]

1. d4 Nf6 2. c4 e6 3. Nc3 c5 4. Nf3 Nc6 5. d5 exd5 6. Nxd5 Nxd5 7. cxd5 Ne7 8. e4 d6 9. Bc4 g6 10. Rb1 Bg7 11. b3 O-O 12. Bb2 a6 13. Bxg7 Kxg7 14. h4 b5 15. Bd3 Bg4 16. Qd2 Qe8 17. Qf4 Bxf3 18. gxf3 Nxd5 19. Qd2 f5 20. Kd1 fxe4 21. fxe4 Nf4 0-1

[Event "Junior Online 4NCL Division 4"]
[Site "online"]
[Date "2021.03.18"]
[EventDate "2021.03.18"]
[Round "5.162"]
[White "Hutchins, Andrew"]
[WhiteElo "1449"]
[WhiteTeam "Forest Hall Juniors"]
[Black "Sisupalan, Beni"]
[BlackElo "1314"]
[BlackTeam "JHJ Shark Tank 6"]
[Result "0-1"]
[PlyCount "56"]

1. d4 Nf6 2. c4 g6 3. g3 Bg7 4. Bg2 O-O 5. Nf3 Re8 6. O-O d6 7. Nc3 Bf5 8. Nh4 Qc8 9. Nxf5 gxf5 10. e4 fxe4 11. Nxe4 Qf5 12. Nxf6+ Qxf6 13. Bxb7 Nd7 14. Bxa8 Rxa8 15. Be3 e5 16. dxe5 Nxe5 17. f4 Nxc4 18. Qd5 Nxe3 19. Qxa8+ Bf8 20. Rfe1 Qd4 21. Qf3 Ng4+ 22. Kg2 Qxb2+ 23. Qe2 Qb7+ 24. Kh3 h5 25. Kh4 Qd5 26. Rad1 Qf5 27. Qe4 Qf6+ 28. Kxh5 Nf2 0-1

[Event "Junior Online 4NCL Division 4"]
[Site "online"]
[Date "2021.03.18"]
[EventDate "2021.03.18"]
[Round "5.163"]
[White "Bryant, Amelie"]
[WhiteElo "1315"]
[WhiteTeam "JHJ Shark Tank 6"]
[Black "Wu, Feitong"]
[BlackElo "1390"]
[BlackTeam "Forest Hall Juniors"]
[Result "0-1"]
[PlyCount "102"]

1. d4 f5 2. Nc3 Nf6 3. Nf3 g6 4. Bg5 Bg7 5. e3 O-O 6. Bc4+ Kh8 7. Qd3 d6 8. O-O Nbd7 9. Rad1 Qe8 10. e4 fxe4 11. Nxe4 Nxe4 12. Qxe4 Nf6 13. Bxf6 exf6 14. Qxe8 Rxe8 15. Bf7 Re7 16. Bc4 Bg4 17. Rd3 Rae8 18. h3 Bf5 19. Rc3 c6 20. d5 Be4 21. dxc6 bxc6 22. Re1 f5 23. Nd2 Bxc3 24. bxc3 Bxc2 25. Rc1 Re1+ 26. Rxe1 Rxe1+ 27. Kh2 d5 28. Ba6 Ra1 29. Nf3 Rxa2 30. Bb7 Be4 31. Nd4 Rxf2 32. Nxc6 Rxg2+ 33. Kh1 Rb2+ 34. Kg1 Rxb7 35. Ne5 a5 36. Nc6 a4 37. Nb4 Rxb4 38. cxb4 a3 39. b5 a2 40. b6 a1=Q+ 41. Kf2 Qb2+ 42. Ke3 Qxb6+ 43. Kf4 d4 44. Kg5 d3 45. Kf4 d2 46. Kg5 d1=Q 47. Kf4 Qd2+ 48. Ke5 Qc5+ 49. Kf6 Qcd6+ 50. Kf7 Bd5+ 51. Ke8 Qe3# 0-1

[Event "Junior Online 4NCL Division 4"]
[Site "online"]
[Date "2021.03.18"]
[EventDate "2021.03.18"]
[Round "5.164"]
[White "Mohindra, Arun"]
[WhiteElo "1275"]
[WhiteTeam "Forest Hall Juniors"]
[Black "Sharma, Ishaan"]
[BlackElo "1328"]
[BlackTeam "JHJ Shark Tank 6"]
[Result "1/2-1/2"]
[PlyCount "138"]

1. e4 g6 2. d4 Bg7 3. Nf3 Nc6 4. Be3 d6 5. c3 Bg4 6. Bb5 Bxf3 7. Qxf3 Qd7 8. d5 a6 9. dxc6 bxc6 10. Bc4 Nf6 11. O-O e6 12. Rd1 O-O 13. e5 Ne8 14. exd6 cxd6 15. Na3 Qc7 16. Bd4 e5 17. Be3 d5 18. Bb3 Nf6 19. Bc5 Rfe8 20. Qg3 Ne4 21. Qe3 Nxc5 22. Qxc5 Bf8 23. Qe3 Bd6 24. Nc2 e4 25. Nd4 Bxh2+ 26. Kh1 Bf4 27. Qh3 Re5 28. Ne2 Rh5 29. Qxh5 gxh5 30. Nxf4 Qxf4 31. Rf1 Re8 32. g3 Qf3+ 33. Kg1 e3 34. fxe3 Qxg3+ 35. Kh1 Rxe3 36. Rg1 Qxg1+ 37. Rxg1+ Kf8 38. Kg2 h4 39. Kf2 Rh3 40. Bd1 f5 41. Be2 a5 42. Bf1 Rh2+ 43. Rg2 Rxg2+ 44. Bxg2 Kf7 45. Kf3 Kg6 46. Kf4 h6 47. Bh3 Kh5 48. Bxf5 c5 49. Be6 d4 50. cxd4 cxd4 51. Bh3 d3 52. Ke3 Kg5 53. Kxd3 Kf4 54. a3 Kg3 55. Be6 h3 56. Bxh3 Kxh3 57. Ke2 Kg2 58. b4 axb4 59. axb4 h5 60. b5 h4 61. b6 h3 62. b7 h2 63. b8=Q h1=Q 64. Qb7+ Kh2 65. Qh7+ Kg1 66. Qb1+ Kg2 67. Qe4+ Kg1 68. Qg4+ Qg2+ 69. Qxg2+ Kxg2 1/2-1/2

[Event "Junior Online 4NCL Division 4"]
[Site "online"]
[Date "2021.03.18"]
[EventDate "2021.03.18"]
[Round "5.165"]
[White "Johnston, Alexander"]
[WhiteElo "1464"]
[WhiteTeam "Forest Hall Juniors"]
[Black "Pipalia, Rishi"]
[BlackElo "1362"]
[BlackTeam "JHJ Shark Tank 6"]
[Result "1-0"]
[PlyCount "33"]

1. e4 c5 2. c3 Nc6 3. d4 cxd4 4. cxd4 e6 5. Nf3 d5 6. e5 f6 7. Bb5 Bd7 8. O-O f5 9. Bxc6 Bxc6 10. Nc3 Ne7 11. Ng5 g6 12. Nxe6 Qd7 13. Nxf8 Rxf8 14. Bh6 Rf7 15. Re1 O-O-O 16. Qe2 Re8 17. e6 1-0

[Event "Junior Online 4NCL Division 4"]
[Site "online"]
[Date "2021.03.18"]
[EventDate "2021.03.18"]
[Round "5.166"]
[White "Sisupalan, Beni"]
[WhiteElo "1314"]
[WhiteTeam "JHJ Shark Tank 6"]
[Black "Hutchins, Andrew"]
[BlackElo "1449"]
[BlackTeam "Forest Hall Juniors"]
[Result "1/2-1/2"]
[PlyCount "101"]

1. e4 c5 2. Nf3 e6 3. d4 cxd4 4. Nxd4 Nc6 5. Nc3 Nf6 6. Be3 Be7 7. Be2 O-O 8. Bf3 d5 9. exd5 exd5 10. Qd2 Bb4 11. O-O Re8 12. a3 Bxc3 13. Qxc3 Nxd4 14. Qxd4 b6 15. Rad1 Bb7 16. Rfe1 h6 17. c4 dxc4 18. Bxb7 Rb8 19. Qxd8 Rexd8 20. Rxd8+ Rxd8 21. h3 Rd3 22. Bf3 Rb3 23. Bc1 b5 24. Bd1 Rd3 25. Bc2 Rd6 26. Bf4 Rd4 27. Be5 Rd2 28. Bxf6 Rxc2 29. Bc3 a5 30. Re5 b4 31. axb4 axb4 32. Bxb4 Rxb2 33. Bc3 Rc2 34. Re3 f5 35. g3 g5 36. f4 Kf7 37. Kf1 Kg6 38. Ke1 Rh2 39. Re6+ Kh5 40. fxg5 hxg5 41. Be5 Rxh3 42. Rc6 Rh1+ 43. Kd2 Rf1 44. Rxc4 Rf3 45. Ke2 Rb3 46. Kf2 Ra3 47. Kg2 Ra2+ 48. Kf3 Ra3+ 49. Bc3 Rb3 50. Ke2 Ra3 51. Kf2 1/2-1/2

[Event "Junior Online 4NCL Division 4"]
[Site "online"]
[Date "2021.03.18"]
[EventDate "2021.03.18"]
[Round "5.167"]
[White "Wu, Feitong"]
[WhiteElo "1390"]
[WhiteTeam "Forest Hall Juniors"]
[Black "Bryant, Amelie"]
[BlackElo "1315"]
[BlackTeam "JHJ Shark Tank 6"]
[Result "1-0"]
[PlyCount "43"]

1. e4 e5 2. Nc3 Nf6 3. f4 Nc6 4. fxe5 Nxe5 5. d4 Ng6 6. e5 Ng8 7. Nf3 Bb4 8. Bc4 Nf4 9. Bxf4 Bxc3+ 10. bxc3 d5 11. exd6 cxd6 12. O-O Nf6 13. Re1+ Be6 14. Bxe6 fxe6 15. Rxe6+ Kf7 16. Rxd6 Qe7 17. Ng5+ Ke8 18. Re6 Kd8 19. Rxe7 Kxe7 20. Qe2+ Kd7 21. Qe6+ Kd8 22. Nf7# 1-0

[Event "Junior Online 4NCL Division 4"]
[Site "online"]
[Date "2021.03.18"]
[EventDate "2021.03.18"]
[Round "5.168"]
[White "Sharma, Ishaan"]
[WhiteElo "1328"]
[WhiteTeam "JHJ Shark Tank 6"]
[Black "Mohindra, Arun"]
[BlackElo "1275"]
[BlackTeam "Forest Hall Juniors"]
[Result "0-1"]
[PlyCount "108"]

1. d4 Nf6 2. Nf3 e6 3. Bf4 d5 4. Nc3 Bd6 5. Be5 O-O 6. e3 Ng4 7. Bxd6 Qxd6 8. Bd3 Nf6 9. O-O c5 10. Nb5 Qb6 11. c3 c4 12. Nxa7 Rxa7 13. Bc2 Qxb2 14. a4 Qxc3 15. Qe2 Nc6 16. Rfc1 Qa5 17. e4 b6 18. e5 Ne8 19. Ng5 h6 20. Nh7 Nxd4 21. Qg4 Nxc2 22. Nxf8 Nxa1 23. Rxa1 Kxf8 24. h3 Ba6 25. Ra3 Qe1+ 26. Kh2 Qxe5+ 27. Kg1 Nf6 28. Qd1 Qb2 29. Ra1 Ne4 30. Qf1 c3 31. Qe1 Qd2 32. Qb1 c2 33. Qc1 Qxc1+ 34. Rxc1 Rc7 35. f3 Nc3 36. Rxc2 Ne2+ 37. Rxe2 Bxe2 38. Kf2 Rc2 39. Kg3 g5 40. Kf2 Bb5+ 41. Kg3 Bxa4 42. Kg4 b5 43. Kh5 g4 44. fxg4 b4 45. Kxh6 b3 46. g5 b2 47. g6 fxg6 48. Kxg6 b1=Q 49. g4 Rc7+ 50. Kg5 Qe1 51. h4 Rg7+ 52. Kh5 Qe5+ 53. Kh6 Qf6+ 54. Kh5 Qg6# 0-1

[Event "Junior Online 4NCL Division 4"]
[Site "online"]
[Date "2021.04.01"]
[EventDate "2021.04.01"]
[Round "6.11"]
[White "Gardner, Kai"]
[WhiteElo "1487"]
[WhiteTeam "Barnet Knights C"]
[Black "De Sousa Muachikape, Jael"]
[BlackElo "1620"]
[BlackTeam "Leeds Juniors 1"]
[Result "0-1"]
[PlyCount "56"]

1. e4 c5 2. c3 Nf6 3. Qc2 Nc6 4. Nf3 d6 5. h3 a6 6. d4 cxd4 7. cxd4 e5 8. d5 Ne7 9. Nc3 Ng6 10. Be3 Be7 11. Be2 O-O 12. O-O b5 13. a3 Bd7 14. Rac1 Qb8 15. b4 Rc8 16. Qd2 Nh5 17. Nh2 Nhf4 18. Bg4 Qb7 19. Ne2 Bxg4 20. Nxg4 h5 21. Nh2 Bg5 22. Nf3 Nxe2+ 23. Qxe2 Nf4 24. Qd2 Bh6 25. Kh2 Qd7 26. Bxf4 Bxf4+ 27. Qxf4 exf4 28. Rce1 Rc2 0-1

[Event "Junior Online 4NCL Division 4"]
[Site "online"]
[Date "2021.04.01"]
[EventDate "2021.04.01"]
[Round "6.12"]
[White "Krishnan, Aditya"]
[WhiteElo "1365"]
[WhiteTeam "Leeds Juniors 1"]
[Black "Tokar, Kyrylo"]
[BlackElo "1479"]
[BlackTeam "Barnet Knights C"]
[Result "1-0"]
[PlyCount "45"]

1. c4 c5 2. g3 e6 3. Bg2 Nf6 4. Nc3 d5 5. cxd5 exd5 6. d3 Bf5 7. Nf3 Nc6 8. O-O Qd7 9. Bf4 Nd4 10. Ne5 Qe6 11. Qa4+ Nc6 12. Nxc6 bxc6 13. Rfe1 Be7 14. e4 dxe4 15. dxe4 Bg6 16. e5 Nd7 17. Bxc6 Bf5 18. Bxa8 O-O 19. Bd5 Qg6 20. Be4 Bxe4 21. Nxe4 Nb6 22. Qxa7 Ra8 23. Qxe7 1-0

[Event "Junior Online 4NCL Division 4"]
[Site "online"]
[Date "2021.04.01"]
[EventDate "2021.04.01"]
[Round "6.13"]
[White "Zholnin, Ivan"]
[WhiteElo "1420"]
[WhiteTeam "Barnet Knights C"]
[Black "Sasikumar, Navaneeth"]
[BlackElo "1313"]
[BlackTeam "Leeds Juniors 1"]
[Result "1-0"]
[PlyCount "33"]

1. e4 c6 2. d4 d5 3. e5 Bf5 4. Nf3 e6 5. Nbd2 c5 6. c3 Nc6 7. Nb3 c4 8. Nbd2 Nge7 9. b3 b5 10. a4 a6 11. Bb2 Bg6 12. Nh4 Nf5 13. Nxg6 hxg6 14. h3 Be7 15. Be2 Qc7 16. axb5 Nb8 17. bxc4 1-0

[Event "Junior Online 4NCL Division 4"]
[Site "online"]
[Date "2021.04.01"]
[EventDate "2021.04.01"]
[Round "6.14"]
[White "Rowe, Angelica"]
[WhiteElo "1350"]
[WhiteTeam "Leeds Juniors 1"]
[Black "Scott, Jane"]
[BlackElo "1300"]
[BlackTeam "Barnet Knights C"]
[Result "1-0"]
[PlyCount "67"]

1. e4 e5 2. Bc4 Nf6 3. d4 exd4 4. Nf3 Nc6 5. e5 d5 6. exd6 Bxd6 7. O-O O-O 8. c3 dxc3 9. Nxc3 Bf5 10. Qb3 Na5 11. Qa4 Nxc4 12. Qxc4 Re8 13. Bg5 Be6 14. Qh4 Be7 15. Rad1 Qc8 16. Bxf6 Bxf6 17. Qb4 Rd8 18. Rxd8+ Qxd8 19. Qxb7 Rb8 20. Qxa7 Rxb2 21. Rd1 Qc8 22. Ne4 Be7 23. a4 Qb7 24. Qd4 h6 25. Nc5 Bxc5 26. Qxc5 Rb1 27. Qc2 Rxd1+ 28. Qxd1 Bb3 29. Qd8+ Kh7 30. Qd3+ g6 31. a5 Qc6 32. h3 Bc4 33. Qc3 Qa4 34. Nd2 1-0

[Event "Junior Online 4NCL Division 4"]
[Site "online"]
[Date "2021.04.01"]
[EventDate "2021.04.01"]
[Round "6.15"]
[White "De Sousa Muachikape, Jael"]
[WhiteElo "1620"]
[WhiteTeam "Leeds Juniors 1"]
[Black "Gardner, Kai"]
[BlackElo "1487"]
[BlackTeam "Barnet Knights C"]
[Result "1-0"]
[PlyCount "59"]

1. d4 d5 2. Nf3 Nf6 3. c4 e6 4. Nc3 c5 5. e3 Nc6 6. cxd5 exd5 7. Bb5 Bd7 8. O-O Bd6 9. dxc5 Bxc5 10. Nxd5 O-O 11. h3 a6 12. Be2 Be6 13. Nxf6+ Qxf6 14. Bd2 Rad8 15. Qc2 Bb6 16. Bc3 Qe7 17. Rfd1 Bd7 18. Bd3 g6 19. a3 Bc7 20. Be4 f5 21. Bd5+ Be6 22. Qb3 Bxd5 23. Rxd5 Rxd5 24. Qxd5+ Rf7 25. Rd1 Kf8 26. Nd4 Nxd4 27. Qxd4 Ke8 28. Qa4+ Kf8 29. Bb4 Qxb4 30. Qxb4+ 1-0

[Event "Junior Online 4NCL Division 4"]
[Site "online"]
[Date "2021.04.01"]
[EventDate "2021.04.01"]
[Round "6.16"]
[White "Tokar, Kyrylo"]
[WhiteElo "1479"]
[WhiteTeam "Barnet Knights C"]
[Black "Krishnan, Aditya"]
[BlackElo "1365"]
[BlackTeam "Leeds Juniors 1"]
[Result "1-0"]
[PlyCount "65"]

1. e4 c5 2. Nf3 d6 3. d4 cxd4 4. Nxd4 Nf6 5. Nc3 g6 6. Be3 Bg7 7. Bb5+ Bd7 8. Bxd7+ Nbxd7 9. O-O O-O 10. Qd2 Ne5 11. Bh6 Nc4 12. Qc1 Qb6 13. Nb3 Nxb2 14. Bxg7 Kxg7 15. Qxb2 Rac8 16. Nd5 Qd8 17. Rfe1 e5 18. Rf1 Nxd5 19. exd5 Qc7 20. Rac1 Kg8 21. f4 f5 22. fxe5 dxe5 23. Rfe1 e4 24. c4 Qb6+ 25. c5 Qb5 26. Qe5 Rfe8 27. Qf6 e3 28. Nd4 Qb2 29. d6 Qf2+ 30. Kh1 Rf8 31. Qe6+ Kh8 32. Qxe3 Qxe3 33. Rxe3 1-0